[Event "Bled op"]
[Site "Bled"]
[Date "1993.??.??"]
[Round "?"]
[White "Ankerst, Milka"]
[Black "Furlan, Miha"]
[Result "0-1"]
[WhiteElo "2150"]
[BlackElo "2235"]

1.e4 e6 2.d4 d5 3.Nc3 Nf6 4.e5 Nfd7 5.f4 c5 6.Nf3 Nc6 7.Be3 cxd4 8.Nxd4 Bc5
9.Qd2 a6 10.O-O-O O-O 11.h4 Qc7 12.Kb1 b5 13.Nxc6 Qxc6 14.Ne2 Qb6 15.Bxc5 Nxc5
16.Qd4 b4 17.h5 a5 18.Rh3 Ba6 19.Nc1 Bxf1 20.Rxf1 Rab8 21.Nb3 Ne4 22.Qxb6 Rxb6
23.Rd3 a4 24.Nd2 Nc5 25.Rdf3 f6 26.exf6 Rxf6 27.a3 Rf8 28.Ka2 Rfb8 29.b3 Ra8
30.Nb1 bxa3 31.Nxa3 axb3+ 32.cxb3 Rba6 33.b4 Ne4 34.Rd1 Rxa3+ 35.Rxa3 Nc3+
36.Kb2  0-1

[Event "Bratislava op"]
[Site "Bratislava"]
[Date "1993.??.??"]
[Round "3"]
[White "Baimuratov, Samat"]
[Black "Fish, Gannadij"]
[Result "0-1"]
[WhiteElo "2335"]
[BlackElo "2440"]

1.e4 e6 2.d4 d5 3.Nc3 Nf6 4.e5 Nfd7 5.f4 c5 6.Nf3 Nc6 7.Be3 cxd4 8.Nxd4 Bc5
9.Qd2 a6 10.O-O-O O-O 11.Kb1 Nxd4 12.Bxd4 b5 13.h4 b4 14.Na4 Bxd4 15.Qxd4 Qa5
16.b3 Bb7 17.h5 Bc6 18.Nb2 Bb5 19.Bd3 Rfe8 20.f5 Qc7 21.fxe6 fxe6 22.Qg4 Nf8
23.Qe2 h6 24.Rh4 Bxd3 25.Rxd3 a5 26.Rg3 Nh7 27.Rhg4 Ng5 28.Rxg5 hxg5 29.Rxg5 Ra7
30.Nd3 Qc3 31.h6 Qd4 32.Rg4 Qg1+ 33.Kb2 Rc7 34.Rxg7+ Rxg7 35.hxg7 Qd4+ 36.Kb1 Kxg7
37.Qd2 Qg4 38.Ne1 Rf8 39.Nf3 Rf4 40.Qf2 Qg6 41.Qa7+ Rf7 42.Qf2 Rf4 43.Qa7+ Kh8
44.Qf2 Rg4 45.Ne1 Qe4 46.Nf3 Qg6 47.Ne1 Qg7 48.Qb6 Qxe5 49.Nd3 Qf6 50.Qxa5 Rxg2
51.Qxb4 Rg1+ 52.Nc1 Qg5 53.Qa3 e5 54.b4 e4 55.b5 e3 56.Qa8+ Kh7 57.Qa7+ Kg6
58.Qa6+ Qf6 59.Qxf6+ Kxf6 60.Kb2 Ke7 61.Ne2 Rg2 62.Nf4 Rd2 63.a4 e2 64.Ng2 Rd1  0-1

[Event "Bratislava op"]
[Site "Bratislava"]
[Date "1993.??.??"]
[Round "3"]
[White "Asanov, Bolat"]
[Black "Henc, Renata"]
[Result "1-0"]
[WhiteElo "2385"]
[BlackElo "2125"]

1.e4 e6 2.d4 d5 3.Nc3 Nf6 4.e5 Nfd7 5.f4 c5 6.Nf3 Nc6 7.Be3 cxd4 8.Nxd4 Qb6
9.Qd2 Qxb2 10.Rb1 Qa3 11.Bb5 Nxd4 12.Bxd4 Bb4 13.O-O a6 14.Rb3 Qa5 15.Rfb1 Qxb5
16.Rxb4 Qc6 17.f5 h6 18.Qf2 exf5 19.Qg3 Rg8 20.Qf3 b5 21.a4 Qe6 22.Nxd5 Nxe5
23.Nc7+ Kd7 24.Bxe5 Qxe5 25.Nxa8 Qc5+ 26.Qf2 Qxf2+  1-0

[Event "Bratislava op"]
[Site "Bratislava"]
[Date "1993.??.??"]
[Round "9"]
[White "Baimuratov, Samat"]
[Black "Likavsky, Tomas"]
[Result "0-1"]
[WhiteElo "2335"]
[BlackElo "2240"]

1.e4 e6 2.d4 d5 3.Nc3 Nf6 4.e5 Nfd7 5.f4 c5 6.Nf3 Nc6 7.Be3 cxd4 8.Nxd4 Bc5
9.Qd2 a6 10.O-O-O O-O 11.h4 Qc7 12.Kb1 b5 13.Nxc6 Qxc6 14.Ne2 Nb6 15.Nd4 Qc7
16.h5 Bd7 17.Rh3 Rab8 18.Ka1 Nc4 19.Bxc4 bxc4 20.c3 Ba4 21.Re1 Qa5 22.Qc1 Rb7
23.Re2 Rfb8 24.g4 Bb3 25.Qb1 Qa4 26.Rh1 Bf8 27.g5 Rb5 28.Nxb5 axb5 29.Bc1 Ra8
30.a3 b4 31.cxb4 Bxb4 32.Rh3 d4 33.g6 d3 34.gxf7+ Kxf7 35.Rg2 Ra7 36.Rhg3 Kg8
37.f5 exf5 38.Bh6 Bxa3 39.Rxg7+ Rxg7 40.Rxg7+ Kh8 41.Rg8+ Kxg8 42.Qg1+ Kf7
43.e6+ Kxe6 44.Qg8+ Kd7 45.Kb1 Bxb2  0-1

[Event "Wch U18 Girls"]
[Site "Bratislava"]
[Date "1993.??.??"]
[Round "11"]
[White "Grabics, Monika"]
[Black "Kadimova, Ilaha"]
[Result "1/2-1/2"]
[WhiteElo "2185"]
[BlackElo "2335"]

1.e4 e6 2.d4 d5 3.Nc3 Nf6 4.e5 Nfd7 5.f4 c5 6.Nf3 Nc6 7.Be3 cxd4 8.Nxd4 Bc5
9.Qd2 Bxd4 10.Bxd4 Nxd4 11.Qxd4 Qb6 12.Nb5 Qxd4 13.Nxd4 Ke7 14.Bd3 Nb8 15.Kd2 Nc6
16.Nb3 h5 17.g3 b6 18.Bb5 Bd7 19.Bxc6 Bxc6 20.Nd4 Bd7 21.a4 a5 22.h3 g6 23.b3 Rac8
24.Rhf1 Rc5 25.Rf3 Rhc8 26.Raf1 b5 27.axb5 Bxb5 28.Ra1 Bd7 29.Ra2 Kd8 30.g4 hxg4
31.hxg4 Ke7 32.Rh3 R8c7 33.Ra1 Rc8 34.Re1 Rb8 35.Rh7 Rb6 36.Re3 a4 37.bxa4 Rc4
38.Rd3  1/2-1/2

[Event "Brno"]
[Site "Brno"]
[Date "1993.??.??"]
[Round "7"]
[White "Gofshtein, Leonid D"]
[Black "Chernin, Alexander"]
[Result "1/2-1/2"]
[WhiteElo "2540"]
[BlackElo "2615"]

1.e4 e6 2.d4 d5 3.Nc3 Nf6 4.e5 Nfd7 5.f4 c5 6.Nf3 Nc6 7.Be3 cxd4 8.Nxd4 Bc5
9.Qd2 Nxd4 10.Bxd4 Bxd4 11.Qxd4 Qb6 12.Nb5 Qxd4 13.Nxd4 Ke7 14.h4 h5 15.Rh3 a6
16.Rc3 Ra7 17.b4 f6 18.Rc7 fxe5 19.fxe5 Ra8 20.c4 Re8 21.cxd5 exd5 22.Rac1 Kd8
23.e6 Nf8 24.Rxg7 Nxe6 25.Nxe6+ Bxe6 26.Kd2 a5 27.b5 Re7 28.Rg5 Kd7 29.Be2 Rf8
30.Rf1 Rxf1 31.Bxf1 Rf7 32.Be2 Rf4 33.Rxh5 Ra4 34.Rh7+ Kd6 35.h5 Rxa2+ 36.Ke1 Ra1+
37.Kf2 Ra2 38.Kf3 Bf5 39.Rxb7 Be4+ 40.Ke3 Bxg2 41.Rg7 d4+ 42.Kd3 Be4+ 43.Kxe4 Rxe2+
44.Kxd4 Rh2 45.Rg6+ Kc7 46.Rh6 Kb7 47.Kc4 Rc2+ 48.Kb3 Rh2  1/2-1/2

[Event "Bucharest schev"]
[Site "Bucharest"]
[Date "1993.??.??"]
[Round "?"]
[White "Tomescu, Vlad"]
[Black "Munteanu, Alexandru"]
[Result "0-1"]
[WhiteElo "2435"]
[BlackElo "2290"]

1.e4 e6 2.d4 d5 3.Nc3 Nf6 4.e5 Nfd7 5.f4 c5 6.Nf3 Nc6 7.Be3 Qb6 8.Na4 Qa5+
9.c3 c4 10.b4 Qc7 11.Nb2 b5 12.Be2 a5 13.a3 axb4 14.axb4 Rxa1 15.Qxa1 Be7
16.Nd1 O-O 17.Qb1 f5 18.exf6 Nxf6 19.Nf2 Bd7 20.Bd1 Ra8 21.Bc2 Qa7 22.O-O Qa2
23.Qc1 Qa3 24.Qd2 Bxb4 25.cxb4 Nxb4 26.Bd1 c3 27.Qc1 c2 28.Be2 Na2 29.Qxa3 Rxa3
30.Bd2 b4 31.Nd3 b3 32.Ra1 Bb5 33.Nfe1 Ne4 34.Bc1 Nxc1 35.Rxc1 Nc3 36.Bf1 Na2
37.Nxc2 Nxc1 38.Nxa3 Bxd3 39.Bxd3 Nxd3 40.g3 Ne1 41.Kf2 Nc2 42.Nb1 Nxd4 43.Ke3 Nb5
44.Kd3 Kf7 45.Nd2 b2 46.Kc2 Kf6 47.Kxb2 g5  0-1

[Event "Bucharest (Women)"]
[Site "Bucharest"]
[Date "1993.??.??"]
[Round "10"]
[White "Iosif, Cristina S"]
[Black "Roizen, Nadejda"]
[Result "1/2-1/2"]
[WhiteElo "2195"]
[BlackElo "2210"]

1.e4 e6 2.d4 d5 3.Nc3 Nf6 4.e5 Nfd7 5.f4 c5 6.Nf3 Nc6 7.Be3 cxd4 8.Bxd4 Nxd4
9.Qxd4 Bc5 10.Qd2 O-O 11.O-O-O Qa5 12.Qd3 f6 13.exf6 Nxf6 14.h3 Bb4 15.Ne2 Qxa2
16.c3 Bd6 17.g3 Ne4 18.Rh2 Nc5 19.Qe3 Nb3+ 20.Kc2 e5 21.g4 e4 22.Nfd4 Nxd4+
23.Qxd4 Be6 24.Rf2 Rac8 25.Nc1 Qa5 26.Nb3 Qc7 27.f5 Be5 28.Qe3 Bg3 29.Rg2 Bf4
30.Qxa7 Bf7 31.Qd4 Be5 32.Qe3 Qc6 33.Ra1 Ra8 34.Rxa8 Rxa8 35.Qc5 Qxc5 36.Nxc5 Rc8
37.Nd7 Bd6 38.Rd2 Rd8 39.Nb6 Bc7 40.Na4 Kf8 41.Nc5 b6 42.Nb3 Bf4 43.Rd1 Ke7
44.Ra1 Be3 45.Bb5 g6 46.Re1 Bc5 47.fxg6 Bxg6 48.Nxc5 bxc5 49.Kd2 Rb8 50.c4 d4
51.Ra1 e3+ 52.Ke1 Rf8 53.Ra7+ Kd6 54.Rd7+ Ke6 55.Rd5 d3 56.Bd7+ Ke7 57.Bf5 d2+
58.Ke2 Bxf5 59.gxf5 Rb8 60.Kxe3 Rxb2 61.Ke2 Rb3 62.Kxd2 Rxh3 63.Rxc5 Kf6
64.Rd5 Rf3 65.Rd7 h5 66.Rh7 Rxf5 67.Kc3 Kg6 68.Rh8 Kg7 69.Rd8 h4 70.Kb4 h3
71.Rd1 Rh5 72.c5 h2 73.Rh1 Kf7 74.Kb5 Ke7 75.Kb6 Kd8  1/2-1/2

[Event "Budapest"]
[Site "Budapest"]
[Date "1993.??.??"]
[Round "?"]
[White "Szalanczy, Emil"]
[Black "Touzane, Olivier"]
[Result "1-0"]
[WhiteElo "2365"]
[BlackElo "2200"]

1.e4 e6 2.d4 d5 3.Nc3 Nf6 4.e5 Nfd7 5.f4 c5 6.Nf3 Nc6 7.Be3 Qb6 8.a3 cxd4
9.Nxd4 Nxd4 10.Bxd4 Bc5 11.Na4 Qa5+ 12.c3 Bxd4 13.Qxd4 b6 14.Qb4 Qxb4 15.axb4 Bb7
16.Bb5 Ke7 17.O-O f5 18.Rfd1 g5 19.c4 gxf4 20.Bxd7 Kxd7 21.Nc3 Rhg8 22.cxd5 Rg5
23.Kf2 Rag8 24.Rxa7 Rxg2+ 25.Kf3 Kc8 26.Rxb7 Kxb7 27.dxe6 Rxb2 28.Rd7+ Ka6
29.Nd5 Rg4 30.e7 Rb3+ 31.Kf2 Rb2+ 32.Kf1 Rb1+ 33.Ke2 f3+ 34.Kxf3 Rb3+ 35.Kf2 Rb2+
36.Kf1 Rb1+ 37.Ke2 Re4+ 38.Kd2 Rxe5 39.Nc7+ Kb7 40.Ne6+  1-0

[Event "Budapest FS02 IM"]
[Site "Budapest"]
[Date "1993.??.??"]
[Round "?"]
[White "Farkas, Tibor"]
[Black "Proehl, Holger"]
[Result "0-1"]
[WhiteElo "2370"]
[BlackElo "2315"]

1.e4 e6 2.d4 d5 3.Nc3 Nf6 4.e5 Nfd7 5.f4 c5 6.Nf3 Nc6 7.Be3 Qb6 8.Na4 Qa5+
9.c3 cxd4 10.b4 Qc7 11.Nxd4 a6 12.Bd3 b5 13.Nb2 Ncxe5 14.Rc1 Nc4 15.Bxc4 dxc4
16.a4 Rb8 17.O-O Nf6 18.f5 Bd6 19.fxe6 fxe6 20.h3 O-O 21.Qe2 Bd7 22.a5 Ne4
23.Rxf8+ Rxf8 24.Nf3 Bc6 25.Bb6 Qf7 26.Re1 Bd5 27.Nd1 Qg6 28.Bd4 Qg3 29.Rf1 Ng5  0-1

[Event "Budapest FS09 IM-A"]
[Site "Budapest"]
[Date "1993.??.??"]
[Round "?"]
[White "Ciornei, Dragos"]
[Black "Hoang Than Trang"]
[Result "0-1"]
[WhiteElo "2275"]
[BlackElo "2300"]

1.e4 e6 2.d4 d5 3.Nc3 Nf6 4.e5 Nfd7 5.f4 c5 6.Nf3 Nc6 7.Be3 Qb6 8.Na4 Qa5+
9.c3 cxd4 10.b4 Nxb4 11.cxb4 Bxb4+ 12.Bd2 Bxd2+ 13.Nxd2 g5 14.g3 h5 15.h4 b5
16.Nb2 Nc5 17.Rc1 Ne4 18.fxg5 Bd7 19.Nd3 Ke7 20.Nc5 Rac8 21.Nb3 Qb4 22.Rxc8 Rxc8
23.Bg2 Rc3 24.O-O Nxg3 25.Rf4 Rd3 26.Rf3 Re3 27.Nf1 Ne2+ 28.Kh2 Rxe5 29.Ng3 d3
30.Qxd3 Qxh4+ 31.Bh3 Nf4 32.Qf1 Rxg5 33.Rxf4 Qxg3+ 34.Kh1 Rg7 35.Nc5 Bc6
36.Bg2 h4 37.Qf2 h3 38.Qxg3 Rxg3 39.Bf1 Rc3 40.Nb3 e5 41.Rf2 a6 42.Kh2 Bd7
43.Re2 f6 44.Nd4 Bg4 45.Re1 Ra3 46.Nc6+ Kd6 47.Nb4 a5  0-1

[Event "Budapest FS12 IM-B"]
[Site "Budapest"]
[Date "1993.??.??"]
[Round "3"]
[White "Kennaugh, Charles"]
[Black "Skomorokhin, Roman"]
[Result "0-1"]
[WhiteElo "2280"]
[BlackElo "2460"]

1.e4 e6 2.d4 d5 3.Nc3 Nf6 4.e5 Nfd7 5.Nf3 c5 6.dxc5 Nc6 7.Bb5 Bxc5 8.O-O O-O
9.Na4 Be7 10.Re1 a6 11.Bxc6 bxc6 12.c4 a5 13.Bf4 Nb6 14.Nd4 Bd7 15.cxd5 cxd5
16.Nc3 Rc8 17.Qh5 Nc4 18.b3 Qb6 19.Nf5 exf5 20.Nxd5 Qe6 21.Nxe7+ Qxe7 22.bxc4 Rxc4
23.Bg5 Qc5 24.Rac1 Rxc1 25.Bxc1 Be6 26.Qe2 Rc8 27.Qd2 a4 28.a3 h6 29.h3 Qc4
30.Qd6 Rc6 31.Qd8+ Kh7 32.Bd2 Bd5 33.Bb4 Rg6 34.g3 Qd4 35.Re3 f4 36.Bc3 Qd1+  0-1

[Event "Spring op"]
[Site "Budapest"]
[Date "1993.??.??"]
[Round "8"]
[White "Van de Oudeweetering, Arthur"]
[Black "Fish, Gannadij"]
[Result "0-1"]
[WhiteElo "2335"]
[BlackElo "2405"]

1.e4 e6 2.d4 d5 3.Nc3 Nf6 4.e5 Nfd7 5.f4 c5 6.Nf3 Nc6 7.Be3 cxd4 8.Nxd4 Bc5
9.Qd2 a6 10.O-O-O O-O 11.Nce2 Qe7 12.g3 Nb6 13.Ng1 Na4 14.c3 Ba3 15.bxa3 Qxa3+
16.Kc2 Qxa2+ 17.Kd3 Nb4+ 18.Ke2 Nxc3+ 19.Kf3 Nxd1 20.Qxd1 Bd7 21.Kg4 Rfc8
22.Ngf3 Qa3 23.Bd2 Ba4 24.Qb1 Nc2 25.Be2 b5 26.h4 a5 27.Nxb5 Bxb5 28.Qxb5 Ne3+
29.Kh3 Nc4 30.Bc1 Qc3 31.Qd7 h6 32.h5 a4 33.Qe7 a3 34.f5 Re8 35.Qh4 exf5
36.Nd4 Rxe5 37.Bf3 a2 38.Bxh6 gxh6 39.Qf6 Qxd4 40.Qxh6 Re6  0-1

[Event "Buenos Aires op1"]
[Site "Buenos Aires"]
[Date "1993.??.??"]
[Round "4"]
[White "Cativelli, Gerardo"]
[Black "Hoffman, Alejandro"]
[Result "0-1"]
[WhiteElo "2235"]
[BlackElo "2450"]

1.e4 e6 2.d4 d5 3.Nc3 Nf6 4.e5 Nfd7 5.Nf3 c5 6.dxc5 Nc6 7.Bf4 a6 8.Na4 Nxc5
9.Nxc5 Bxc5 10.c3 h6 11.Bd3 g5 12.Bg3 g4 13.Nd2 Qg5 14.Qe2 Bd7 15.h3 gxh3
16.Rxh3 O-O-O 17.Nf3 Qg4 18.O-O-O Rdg8 19.Qc2 Be7 20.Kb1 h5 21.Rdh1 Be8 22.a3 f5
23.exf6 Bxf6 24.Ka1 Qg7 25.Ka2 Bf7 26.Ka1 e5 27.Bf5+ Kb8 28.Nd4 Nxd4 29.cxd4 Ka8
30.dxe5 Bxe5 31.Bxe5 Qxe5 32.Rc3 d4 33.Rc5 Qd6 34.Rc1 Rd8 35.Qd3 Rhe8 36.Kb1 Ka7
37.g3 Re1 38.Rc8 Rxc8 39.Rxe1 Rc5 40.Be4 Qe6 41.b3 Qb6  0-1

[Event "Buenos Aires op1"]
[Site "Buenos Aires"]
[Date "1993.??.??"]
[Round "7"]
[White "Cativelli, Gerardo"]
[Black "Debarnot, Roberto"]
[Result "1-0"]
[WhiteElo "2235"]
[BlackElo "2355"]

1.e4 e6 2.d4 d5 3.Nc3 Nf6 4.e5 Nfd7 5.Nf3 c5 6.dxc5 Nc6 7.Bf4 Bxc5 8.Bd3 Be7
9.O-O g5 10.Be3 h5 11.Bb5 a6 12.Bxc6 bxc6 13.b4 g4 14.Nd4 Qc7 15.Bf4 Bxb4
16.Nce2 Be7 17.c4 Nb6 18.cxd5 cxd5 19.Rc1 Nc4 20.Nf5 Qd7 21.Nxe7 Qxe7 22.Rc3 Bd7
23.Qc1 f6 24.exf6 Qxf6 25.Bg5 Qg6 26.Rd1 Rc8 27.h4 gxh3 28.Rg3 hxg2 29.Qc3 Rg8
30.Re1 Qf7 31.Nf4 Qf5 32.Nxh5 Rxg5 33.Ng7+ Rxg7 34.Rxg7 e5 35.Qg3 Rc6 36.Rg5 Qh3
37.Rg8+ Ke7 38.Qg7+ Kd6 39.Qf8+  1-0

[Event "Capablanca mem-B"]
[Site "?"]
[Date "1993.??.??"]
[Round "2"]
[White "Diaz, Joaquin C"]
[Black "Hoffman, Alejandro"]
[Result "1-0"]
[WhiteElo "2445"]
[BlackElo "2285"]

1.e4 e6 2.d4 d5 3.Nc3 Nf6 4.e5 Nfd7 5.f4 c5 6.Nf3 Nc6 7.Be3 cxd4 8.Nxd4 Bc5
9.Qd2 Bxd4 10.Bxd4 a6 11.Bf2 O-O 12.g3 b5 13.Bg2 b4 14.Na4 a5 15.O-O Ba6
16.Rfe1 Qe7 17.Nb6 Nxb6 18.Bxb6 Rab8 19.Qf2 d4 20.Bxd4 Nxd4 21.Qxd4 Rfd8
22.Qf2 Bb7 23.Red1 Bxg2 24.Kxg2 Qb7+ 25.Kg1 Qc7 26.Rac1 g6 27.Qe2 Qc5+ 28.Kg2 h5
29.Rxd8+ Rxd8 30.Rd1 Qc6+ 31.Kh3 Rc8 32.Rd2 Kg7 33.Qd3 Qa4 34.Kh4 Qxa2 35.Qd7 Qc4
36.Qe7 Qc5 37.Qf6+ Kg8 38.Rd7 Qf8 39.b3 Qg7 40.Rd8+ Rxd8 41.Qxd8+ Qf8 42.Qxa5 Qe7+
43.Kh3 Qb7 44.Qd8+ Kg7 45.Kh4 Qg2 46.Kg5 Qxc2 47.Qf6+ Kf8 48.Qh8+ Ke7 49.Qb8 Qf5+
50.Kh6 g5 51.Qxb4+ Ke8 52.Qb8+ Ke7 53.Qg8 gxf4 54.gxf4 Qd3 55.Qg5+ Ke8 56.Kg7  1-0

[Event "Capablanca mem-B"]
[Site "?"]
[Date "1993.??.??"]
[Round "3"]
[White "Garcia, Gildardo"]
[Black "Alvarez Ibarra, D Rafael"]
[Result "1/2-1/2"]
[WhiteElo "2520"]
[BlackElo "2420"]

1.e4 e6 2.d4 d5 3.Nc3 Nf6 4.e5 Nfd7 5.Nf3 c5 6.dxc5 Bxc5 7.Bd3 Nc6 8.Bf4 f6
9.exf6 Nxf6 10.O-O O-O 11.Qe2 Bd7 12.Rae1 Qe7 13.Ne5 Rae8 14.Kh1 Nxe5 15.Bxe5 Bc6
16.Nb5 Nd7 17.f4 Nxe5 18.Qxe5 Qf6 19.Nc7 Qxe5 20.Rxe5 Bd6 21.Nxe8 Bxe5 22.fxe5 Rxf1+
23.Bxf1 Bxe8 24.Bd3 Kf7 25.Kg1 h6 26.Kf2 Ke7 27.Ke3 b6 28.Kd4 Kd8 29.b3 Kc7
30.a4 Bf7 31.h4 Kd7 32.g4 g5 33.h5 Kd8 34.Bb5 Kc7 35.a5 Kd8 36.Kc3 Kc7 37.Kb4 Kd8
38.c4 dxc4 39.bxc4 Kc7 40.a6 Kd8 41.c5 bxc5+ 42.Kxc5 Kc7 43.Ba4 Bg8 44.Be8 Kd8
45.Bg6 Kc7  1/2-1/2

[Event "Capablanca mem-B"]
[Site "?"]
[Date "1993.??.??"]
[Round "9"]
[White "Diaz, Joaquin C"]
[Black "Alvarez Ibarra, D Rafael"]
[Result "1-0"]
[WhiteElo "2445"]
[BlackElo "2420"]

1.e4 e6 2.d4 d5 3.Nc3 Nf6 4.e5 Nfd7 5.f4 c5 6.Nf3 Nc6 7.Be3 cxd4 8.Nxd4 Bc5
9.Qd2 O-O 10.g3 Nxd4 11.Bxd4 b6 12.Bb5 Bb7 13.Ne2 Bxd4 14.Nxd4 Nc5 15.O-O-O Qc7
16.Kb1 a6 17.Bd3 Ne4 18.Qe3 b5 19.h4 b4 20.h5 Rfc8 21.h6 g6 22.Rh2 Rab8 23.g4 Ba8
24.Ka1 a5 25.Nb5 Qb6 26.Qxb6 Rxb6 27.Bxe4 Rxb5 28.Bd3 Rbc5 29.b3 Bc6 30.Rf2 Kf8
31.f5 Ke7 32.fxe6 Kxe6 33.Rdf1 Kxe5 34.Rxf7 Bb5 35.Bxb5 Rxb5 36.Rxh7 Rxc2
37.Rh8  1-0

[Event "Capablanca mem-D"]
[Site "?"]
[Date "1993.??.??"]
[Round "2"]
[White "Herrera, Irisberto"]
[Black "Moran, Augusto"]
[Result "1/2-1/2"]
[WhiteElo "2355"]
[BlackElo "2375"]

1.e4 e6 2.d4 d5 3.Nc3 Nf6 4.e5 Nfd7 5.f4 c5 6.Nf3 Nc6 7.Be3 cxd4 8.Nxd4 Bc5
9.Qd2 a6 10.O-O-O O-O 11.h4 Bxd4 12.Bxd4 b5 13.Rh3 Qa5 14.Kb1 Nxd4 15.Qxd4 b4
16.Ne2 Qb6 17.Re3 a5 18.Qxb6 Nxb6 19.b3 Ba6 20.Nd4 Bxf1 21.Rxf1 Nd7 22.c3 Rac8
23.Rc1 Rc5 24.cxb4 Rxc1+ 25.Kxc1 Rc8+ 26.Kb1 axb4 27.Re2 Nb8 28.f5 exf5 29.Nxf5 Kf8
30.e6 fxe6 31.Rxe6 Nc6 32.h5 Kf7 33.Rd6 Ne5 34.Nd4 Nd3 35.Nc6 Re8 36.Rxd5 Ne1
37.Nxb4 Nxg2 38.Rf5+ Kg8 39.Nc2 Nh4 40.Rf4 g5 41.hxg6 Nxg6 42.Rf5 Re5 43.Nd4 Rxf5
44.Nxf5 Kf7 45.a4 Ke6 46.Nh6 Kd5 47.Kb2 Kc5 48.Kc3 Ne5 49.b4+ Kb6 50.Kd4 Nc6+
51.Kc4 Ne5+ 52.Kc3 Nc6 53.Kb3 Nd4+ 54.Kc4 Nc6 55.Kb3 Nd4+ 56.Kc4 Nc6 57.Kc3 Ne5
58.Nf5 h5 59.Kd4 Nc6+ 60.Kc4 Ne5+ 61.Kb3 Nc6 62.Ka3 Ne5 63.Kb2 Nf3 64.a5+ Kb5
65.Nd6+ Kc6  1/2-1/2

[Event "Cappelle op"]
[Site "Cappelle la Grande"]
[Date "1993.??.??"]
[Round "1"]
[White "Safyanovsky, Mark"]
[Black "Vaisser, Anatoli"]
[Result "0-1"]
[WhiteElo "2295"]
[BlackElo "2555"]

1.d4 e6 2.e4 d5 3.Nc3 Nf6 4.e5 Nfd7 5.f4 c5 6.dxc5 Nc6 7.Nf3 Bxc5 8.Bd3 a6
9.Qe2 b5 10.Bd2 Nb6 11.Nd1 Nc4 12.Bc1 f5 13.c3 O-O 14.b3 Nb6 15.b4 Be7 16.Be3 Nc4
17.Bxc4 dxc4 18.a4 Bb7 19.axb5 axb5 20.Rxa8 Qxa8 21.O-O Rd8 22.Nf2 Qa3 23.Bb6 Rd5
24.Qe3 Qb2 25.h3 h6 26.Re1 g5 27.fxg5 hxg5 28.Rd1 Nxe5  0-1

[Event "Cattolica"]
[Site "Cattolica"]
[Date "1993.??.??"]
[Round "5"]
[White "Szalanczy, Emil"]
[Black "Glek, Igor V"]
[Result "0-1"]
[WhiteElo "2360"]
[BlackElo "2535"]

1.e4 e6 2.d4 d5 3.Nc3 Nf6 4.e5 Nfd7 5.f4 c5 6.Nf3 Nc6 7.Be3 a6 8.g3 cxd4
9.Nxd4 Bc5 10.Qd2 O-O 11.O-O-O Nxd4 12.Bxd4 b5 13.Qe3 Qc7 14.Bd3 b4 15.Na4 Bxd4
16.Qxd4 a5 17.b3 Bb7 18.Rhe1 Rfc8 19.Kd2 Bc6 20.Nb2 Bb7 21.Na4 Bc6 22.Nb2 Qb7
23.f5 Bb5 24.f6 Bxd3 25.cxd3 gxf6 26.exf6 Kh8 27.Rc1 e5 28.Qf2 Qa6 29.Qf5 Qd6
30.Na4 e4 31.d4 Qxf6 32.Qxf6+ Nxf6 33.Nb6 Rxc1 34.Rxc1 Re8 35.Ke2 Re6 36.Na4 Ng4
37.h3 Nh6 38.g4 f5 39.Rc8+ Kg7 40.Rc7+ Kg6 41.Nc5 Rd6 42.Nd7 fxg4 43.Ne5+ Kf5
44.hxg4+ Nxg4 45.Nxg4 Kxg4 46.Rxh7 Rc6 47.Rd7 Rc2+ 48.Ke3 Rc3+ 49.Ke2 a4
50.bxa4 Ra3 51.Rxd5 Kf4 52.Rd8 Rxa2+ 53.Kd1 e3 54.d5 Ke4 55.d6 e2+ 56.Ke1 Kd3
57.Re8 Ra1+ 58.Kf2 Rf1+ 59.Kg2 Rf7 60.Re5 b3  0-1

[Event "JUG-chT"]
[Site "Cetinje"]
[Date "1993.??.??"]
[Round "?"]
[White "Nepeina Leconte, Maria"]
[Black "Maric, Mirjana"]
[Result "0-1"]
[WhiteElo "2210"]
[BlackElo "2305"]

1.e4 e6 2.d4 d5 3.Nc3 Nf6 4.e5 Nfd7 5.f4 c5 6.Nf3 Nc6 7.Be3 a6 8.Qd2 cxd4
9.Nxd4 Bc5 10.O-O-O O-O 11.h4 Bxd4 12.Bxd4 b5 13.Kb1 b4 14.Ne2 a5 15.h5 Ba6
16.Bf2 Qc7 17.Rh3 a4 18.Rg3 Rfb8 19.f5 Qxe5 20.fxe6 fxe6 21.h6 g6 22.Nf4 a3
23.Qc1 axb2 24.Qd2 Nf6 25.Nxg6 hxg6 26.Bxa6 Ne4 27.h7+ Kh8 28.Qh6 Nxg3 29.Qxg6 Ne4
30.Bh4 Rxa6 31.Re1 Rf8 32.Re3 Nc3+  0-1

[Event "JUG-chT"]
[Site "Cetinje"]
[Date "1993.??.??"]
[Round "?"]
[White "Nepeina Leconte, Maria"]
[Black "Boskovic, Malina"]
[Result "1-0"]
[WhiteElo "2210"]
[BlackElo "2100"]

1.e4 e6 2.d4 d5 3.Nc3 Nf6 4.e5 Nfd7 5.Nce2 c5 6.c3 Nc6 7.Nf3 Qb6 8.a3 a5
9.h4 Qc7 10.Nf4 Nb6 11.Bd3 h6 12.O-O Bd7 13.Re1 c4 14.Bc2 a4 15.Nh5 Na5 16.Be3 Nb3
17.Rb1 O-O-O 18.Nh2 g6 19.Nf6 Bc6 20.h5 g5 21.Nfg4 Qe7 22.Rf1 Nd7 23.f4 gxf4
24.Rxf4 Bg7 25.Qf1 Rdf8 26.Re1 f5 27.exf6 Nxf6 28.Ne5 Be8 29.Ng6 Bxg6 30.Bxg6 Nd7
31.Qf3 Bf6 32.Qg4 Bg5 33.Rxf8+ Nxf8 34.Nf3 Bf6 35.Bf4 Kd7 36.Ne5+ Bxe5 37.Bxe5 Nxg6
38.hxg6 Rg8 39.Rf1 Kc6 40.Rf6 Kb5 41.Rxe6 Qf8 42.Bc7 Qc8 43.Rb6+ Ka5 44.Qf4 Rg7
45.Qd6  1-0

[Event "JUG-chT"]
[Site "Cetinje"]
[Date "1993.??.??"]
[Round "?"]
[White "Vratonjic, Slobodan"]
[Black "Vucinic, Pero"]
[Result "1-0"]
[WhiteElo "2400"]
[BlackElo "2325"]

1.e4 e6 2.d4 d5 3.Nc3 Nf6 4.e5 Nfd7 5.f4 c5 6.Nf3 Nc6 7.Be3 Be7 8.Qd2 O-O
9.O-O-O cxd4 10.Nxd4 a6 11.Kb1 Nxd4 12.Bxd4 b5 13.Bd3 Nc5 14.Qe3 Nxd3 15.cxd3 Bd7
16.Ne2 Qb8 17.Rc1 Rc8 18.Rxc8+ Qxc8 19.Rc1 Qb7 20.Bc5 Bd8 21.d4 b4 22.g4 a5
23.Ng3 Bb5 24.f5 Qa6 25.f6 Bd3+ 26.Ka1 Bg6 27.h4 Qd3 28.Qf4 h6 29.fxg7 Kxg7
30.Nh5+ Kh7 31.Bf8 Bg5 32.Nf6+ Bxf6 33.Qxh6+ Kg8 34.exf6  1-0

[Event "Ceuta"]
[Site "Ceuta"]
[Date "1993.??.??"]
[Round "5"]
[White "Sion Castro, Marcelino"]
[Black "Hoffman, Alejandro"]
[Result "1/2-1/2"]
[WhiteElo "2385"]
[BlackElo "2440"]

1.e4 e6 2.d4 d5 3.Nc3 Nf6 4.e5 Nfd7 5.f4 c5 6.Nf3 Nc6 7.Be3 a6 8.Qd2 b5 9.dxc5 Bxc5
10.Bxc5 Nxc5 11.Qf2 Qb6 12.Bd3 Na4 13.Nxa4 Qxf2+ 14.Kxf2 bxa4 15.Ke3  1/2-1/2

[Event "Ceuta"]
[Site "Ceuta"]
[Date "1993.??.??"]
[Round "7"]
[White "Sion Castro, Marcelino"]
[Black "Romero Holmes, Alfonso"]
[Result "1/2-1/2"]
[WhiteElo "2385"]
[BlackElo "2440"]

1.e4 e6 2.d4 d5 3.Nc3 Nf6 4.e5 Nfd7 5.f4 c5 6.Nf3 Nc6 7.Be3 cxd4 8.Nxd4 Bc5
9.Qd2 Bxd4 10.Bxd4 Nxd4 11.Qxd4 Qb6 12.Qxb6 Nxb6 13.Bd3 Ke7 14.O-O-O Bd7
15.Rhf1 g6 16.Ne2 h5 17.g3 a5 18.b3 a4 19.Nd4 axb3 20.axb3 Ra5 21.Kb2 Rha8
22.Ra1 Nc8 23.Rxa5 Rxa5 24.h3 Na7 25.Ra1 Rxa1 26.Kxa1  1/2-1/2

[Event "Cheliabinsk"]
[Site "Cheliabinsk"]
[Date "1993.??.??"]
[Round "?"]
[White "Magomedov, Magaram"]
[Black "Gleizerov, Evgeny"]
[Result "1/2-1/2"]
[WhiteElo "2435"]
[BlackElo "2525"]

1.e4 e6 2.d4 d5 3.Nc3 Nf6 4.e5 Nfd7 5.f4 c5 6.Nf3 Nc6 7.Be3 a6 8.Qd2 b5 9.dxc5 Bxc5
10.Bxc5 Nxc5 11.Qf2 Qb6 12.Bd3 Rb8 13.O-O Na4 14.Nxa4 bxa4 15.Qxb6 Rxb6 16.b3 Ke7
17.Kf2 Bd7 18.Ke3 g6 19.Nd4 Nxd4 20.Kxd4 Rb4+ 21.Ke3 Rb6 22.Kd4 Rb4+ 23.Ke3 Rb6  1/2-1/2

[Event "Maffeis mem"]
[Site "Cordoba"]
[Date "1993.??.??"]
[Round "5"]
[White "Moscovich, Fabian"]
[Black "Villegas, Sandra"]
[Result "0-1"]
[WhiteElo "2055"]
[BlackElo "2030"]

1.e4 e6 2.d4 d5 3.Nc3 Nf6 4.e5 Nfd7 5.f4 c5 6.Nf3 Nc6 7.Be3 a6 8.Qd2 cxd4
9.Nxd4 Qc7 10.Be2 Bb4 11.O-O O-O 12.Rf3 Nb6 13.a3 Be7 14.b3 Bd7 15.Bd3 g6
16.Nce2 f6 17.Nxc6 bxc6 18.exf6 Bxf6 19.Raf1 c5 20.Qa5 d4 21.Bd2 Ra7 22.Ng3 Bc6
23.Be4 Be7 24.h4 Bb5 25.Re1 Bxh4 26.a4 Bd7 27.Re2 Qd6 28.Be1 Nd5 29.b4 Nxf4
30.Ref2 g5 31.bxc5 Qc7 32.Qb6 Rb8 33.Qxc7 Rxc7 34.Ba5 Rxc5 35.Bd2 e5 36.Kh2 Rb6
37.Rf1 Bxg3+ 38.Kxg3 Bxa4 39.Kh2 Rh6+ 40.Kg1 Rb6 41.g3 g4 42.Rxf4 exf4 43.Rxf4 Rb1+
44.Kg2 h5 45.Rf6 Bxc2  0-1

[Event "CUB-ch"]
[Site "?"]
[Date "1993.??.??"]
[Round "1"]
[White "Herrera, Irisberto"]
[Black "Ramas, Lazaro"]
[Result "1-0"]
[WhiteElo "2365"]
[BlackElo "2240"]

1.e4 e6 2.d4 d5 3.Nc3 Nf6 4.e5 Nfd7 5.f4 c5 6.Nf3 Nc6 7.Be3 cxd4 8.Nxd4 Bc5
9.Qd2 O-O 10.O-O-O Nxd4 11.Bxd4 a6 12.h4 b5 13.Rh3 b4 14.Na4 Bxd4 15.Qxd4 Qa5
16.b3 Bb7 17.c3 Rfc8 18.Kb1 bxc3 19.Rxc3 Rxc3 20.Qxc3 Qxc3 21.Nxc3 Rc8 22.Kb2 Rc7
23.Ne2 f6 24.Nd4 Kf7 25.Re1 fxe5 26.fxe5 Ke7 27.Bd3 h6 28.h5 Rc8 29.Be2 Nc5
30.Rc1 Ne4 31.Rxc8 Bxc8 32.Ka3 Nc3 33.Bf3 Bd7 34.Kb2 Nb5 35.Nxb5 Bxb5 36.Kc3 Kd7
37.Kd4 Kc7 38.Kc5 Bd7 39.b4 Bb5 40.g3 Bd7 41.Bg4 Bc8 42.a4 Bd7 43.a5 Bc8
44.Be2 Bb7 45.b5 axb5 46.Bxb5  1-0

[Event "CZE Tschechien-ch"]
[Site "?"]
[Date "1993.??.??"]
[Round "1"]
[White "Brychta, Ivan"]
[Black "Onderek, D."]
[Result "1-0"]
[WhiteElo "2300"]
[BlackElo "2050"]

1.e4 e6 2.d4 d5 3.Nc3 Nf6 4.e5 Nfd7 5.Nce2 c5 6.c3 Nc6 7.f4 Qb6 8.Nf3 cxd4
9.cxd4 f6 10.Nc3 Be7 11.Na4 Qa5+ 12.Bd2 Bb4 13.Nc3 O-O 14.a3 Be7 15.Bd3 Qb6
16.Na4 Qd8 17.O-O Nb6 18.Nxb6 Qxb6 19.Bc3 f5 20.Qd2 Bd7 21.b4 a6 22.Rfc1 Rfc8
23.h3 g6 24.g4 h6 25.Kh2 Kh7 26.Rg1 Rg8 27.Rg3 Raf8 28.Rag1 Qd8 29.Qg2 Na7
30.gxf5  1-0

[Event "CZE-ch"]
[Site "?"]
[Date "1993.??.??"]
[Round "9"]
[White "Bures, Martin"]
[Black "Pastor, Karel Jr"]
[Result "1-0"]
[WhiteElo "2215"]
[BlackElo "2180"]

1.e4 e6 2.d4 d5 3.Nc3 Nf6 4.e5 Nfd7 5.f4 c5 6.Nf3 Nc6 7.Be3 Qb6 8.Na4 Qa5+
9.c3 cxd4 10.b4 Nxb4 11.cxb4 Bxb4+ 12.Bd2 Bxd2+ 13.Nxd2 g5 14.Be2 gxf4 15.O-O Nxe5
16.Rxf4 Bd7 17.Rxd4 Rc8 18.Rb1 Bxa4 19.Rxa4 Qc5+ 20.Kh1 Rc7 21.Bb5+ Kf8 22.Qe2 Ng6
23.Rf1 e5 24.Nf3 Qb6 25.Rg4 Re7 26.Rc1 Rc7 27.Rd1 Qe6 28.h3 Kg7 29.Re1 Re8
30.Bxe8  1-0